[Event "Troll Masters"]
[Site "Gausdal"]
[Date "1996.??.??"]
[Round "7"]
[White "Schmittdiel, Eckhard"]
[Black "Jacobs, Byron A"]
[Result "1-0"]
[WhiteElo "2430"]
[BlackElo "2290"]
[PlyCount "61"]
[EventDate "1996.01.??"]
[EventType "swiss"]
[EventRounds "9"]
[EventCountry "NOR"]
[SourceTitle "CBM 051 Extra"]
[Source "ChessBase"]
[SourceDate "1996.05.01"]
[SourceVersion "1"]
[SourceVersionDate "1996.05.01"]
[SourceQuality "1"]

1. c4 e5 2. g3 Nc6 3. Bg2 f5 4. a3 Nf6 5. Nc3 d6 6. b4 a6 7. Bb2 g6 8. b5 axb5 9. cxb5 Nd4 10. e3 Ne6 11. Nge2 Bg7 12. 0-0 d5 13. Na2 e4 14. Nb4 Qd6 15. Nd4 0-0 16. Qc2 Ne8 17. Nxe6 Bxe6 18. Bxg7 Kxg7 19. Qc3+ Kg8 20. Rfc1 Rf7 21. a4 Rd7 22. a5 d4 23. Qb2 Qe5 24. Nc2 Nd6 25. Nxd4 Bc4 26. Qb4 Bd3 27. Ra3 Qe7 28. a6 Nxb5 29. axb7 Rb8 30. Qxe7 Rxe7 31. Rxd3 1-0

[Event "Troll Masters"]
[Site "Gausdal"]
[Date "1996.??.??"]
[Round "5"]
[White "Tisdall, Jonathan D"]
[Black "Jacobs, Byron A"]
[Result "1/2-1/2"]
[WhiteElo "2510"]
[BlackElo "2290"]
[PlyCount "39"]
[EventDate "1996.01.??"]
[EventType "swiss"]
[EventRounds "9"]
[EventCountry "NOR"]
[SourceTitle "CBM 051 Extra"]
[Source "ChessBase"]
[SourceDate "1996.05.01"]
[SourceVersion "1"]
[SourceVersionDate "1996.05.01"]
[SourceQuality "1"]

1. d4 Nc6 2. d5 Ne5 3. e4 e6 4. Qd4 Ng6 5. Nf3 Nf6 6. Nc3 Be7 7. h4 h5 8. Bg5 0-0 9. 0-0-0 d6 10. dxe6 Bxe6 11. Nd5 Bxd5 12. exd5 Ng4 13. Bd3 Bf6 14. Bxf6 Qxf6 15. Qxf6 gxf6 16. Rd2 Nf4 17. Bf5 Rae8 18. Re1 Rxe1+ 19. Nxe1 Re8 20. Kd1 1/2-1/2

[Event "Arnold Cup"]
[Site "Gausdal"]
[Date "1991.??.??"]
[Round "7"]
[White "Bagirov, Vladimir"]
[Black "Jacobs, Byron A"]
[Result "1/2-1/2"]
[WhiteElo "2485"]
[BlackElo "2340"]
[PlyCount "60"]
[EventDate "1991.04.??"]
[EventType "swiss"]
[EventRounds "9"]
[EventCountry "NOR"]
[SourceTitle "TD"]
[Source "ChessBase"]
[SourceDate "1994.03.01"]
[SourceVersion "1"]
[SourceVersionDate "1994.03.01"]
[SourceQuality "1"]

1. Nf3 d6 2. d4 Bg4 3. c4 Nd7 4. Qb3 Rb8 5. h3 Bxf3 6. Qxf3 g6 7. Nc3 Bg7 8. e3 c5 9. d5 a6 10. Bd2 Ngf6 11. Be2 0-0 12. g4 Ne5 13. Qg2 b5 14. cxb5 axb5 15. Nxb5 c4 16. a4 Nfd7 17. 0-0 Nc5 18. Bc3 Nxa4 19. Rxa4 Rxb5 20. Bxc4 Nxc4 21. Rxc4 Qa8 22. Rc7 Re8 23. Rd1 Bxc3 24. bxc3 Qa5 25. Rc6 Rc5 26. Rxc5 Qxc5 27. Rc1 Qc4 28. Qf3 Ra8 29. e4 Ra2 30. Re1 Rc2 1/2-1/2

[Event "BL2-West 9091"]
[Site "Germany"]
[Date "1991.??.??"]
[Round "?.2"]
[White "Gerusel, Mathias"]
[Black "Jacobs, Byron A"]
[Result "1-0"]
[WhiteElo "2355"]
[BlackElo "2340"]
[PlyCount "79"]
[EventDate "1990.10.??"]
[EventType "team-tourn"]
[EventRounds "9"]
[EventCountry "GER"]
[SourceTitle "GER-chT2"]
[Source "ChessBase"]
[SourceDate "1999.07.01"]
[SourceVersion "1"]
[SourceVersionDate "1999.07.01"]
[SourceQuality "1"]
[WhiteTeam "Godesberg"]
[BlackTeam "Wuppertal"]
[WhiteTeamCountry "GER"]
[BlackTeamCountry "GER"]

1. d4 Nf6 2. c4 c5 3. d5 b5 4. cxb5 a6 5. bxa6 g6 6. Nc3 Bxa6 7. Nf3 Bg7 8. Nd2 Qa5 9. g3 0-0 10. Bg2 d6 11. 0-0 Nbd7 12. Nb3 Qb6 13. Rb1 Rfb8 14. Bf4 Ne8 15. Qc2 Nc7 16. Rfd1 Bc4 17. Nc1 Bxc3 18. Qxc3 Bxa2 19. Nxa2 Rxa2 20. Qe3 Re8 21. b4 Qa6 22. Bf1 cxb4 23. Rxb4 Nf6 24. Qf3 Qa5 25. Rbd4 Nb5 26. R4d3 Rc8 27. Bd2 Qa4 28. Bg5 Kg7 29. Qe3 Qa7 30. Bh6+ Kg8 31. Rc1 Rxc1 32. Qxc1 Qa8 33. Qc4 Rb2 34. Rd1 Na3 35. Ra1 Rb8 36. Qc3 Qxd5 37. Qxa3 Ng4 38. Bf4 e5 39. Be3 Qe4 40. Qxd6 1-0

[Event "Cappelle op 07th"]
[Site "Cappelle la Grande"]
[Date "1991.??.??"]
[Round "?"]
[White "Jacobs, Byron A"]
[Black "Bus, Mariusz"]
[Result "0-1"]
[WhiteElo "2340"]
[BlackElo "2420"]
[PlyCount "94"]
[EventDate "1991.02.??"]
[EventType "swiss"]
[EventRounds "9"]
[EventCountry "FRA"]
[SourceTitle "EXT 1998"]
[Source "ChessBase"]
[SourceDate "1997.11.17"]
[SourceVersion "1"]
[SourceVersionDate "1997.11.17"]
[SourceQuality "1"]

1. d4 d5 2. Bg5 Nf6 3. Bxf6 exf6 4. e3 Be6 5. Nd2 Be7 6. Bd3 f5 7. h3 Nd7 8. g4 fxg4 9. hxg4 c5 10. f4 cxd4 11. exd4 Nf6 12. f5 Bd7 13. Qe2 Qb6 14. 0-0-0 Qxd4 15. g5 Ng8 16. Ngf3 Qf4 17. Rh4 Qd6 18. Ne5 Bxg5 19. Rg4 Qe7 20. Rxg5 Qxg5 21. Ng6+ Ne7 22. Nxh8 Kf8 23. f6 Qxf6 24. Rf1 Nf5 25. Qf3 g6 26. Qxd5 Rd8 27. Bc4 Be6 28. Qc5+ Kg7 29. Ne4 Qd4 30. Bxe6 fxe6 31. Qxd4+ Rxd4 32. Ng5 Kxh8 33. Nxe6 Rc4 34. Rd1 Rc8 35. Rd7 Re8 36. Ng5 Re7 37. Rd8+ Kg7 38. Ra8 a6 39. Kd2 h5 40. c4 h4 41. b4 Kh6 42. Nf3 Kh5 43. Rd8 Kg4 44. Rd3 g5 45. b5 axb5 46. cxb5 Kf4 47. a4 g4 0-1

[Event "Arnold Cup"]
[Site "Gausdal"]
[Date "1991.??.??"]
[Round "8"]
[White "Jacobs, Byron A"]
[Black "Schmittdiel, Eckhard"]
[Result "0-1"]
[WhiteElo "2340"]
[BlackElo "2485"]
[PlyCount "64"]
[EventDate "1991.04.??"]
[EventType "swiss"]
[EventRounds "9"]
[EventCountry "NOR"]
[SourceTitle "TD"]
[Source "ChessBase"]
[SourceDate "1994.03.01"]
[SourceVersion "1"]
[SourceVersionDate "1994.03.01"]
[SourceQuality "1"]

1. d4 e6 2. Nf3 Nf6 3. Bg5 c5 4. e3 h6 5. Bh4 cxd4 6. exd4 Qb6 7. b3 Ne4 8. c3 g5 9. Bg3 Nxg3 10. fxg3 Bg7 11. g4 Nc6 12. Nbd2 d5 13. b4 e5 14. b5 Ne7 15. Nxe5 Bxe5 16. dxe5 Qe3+ 17. Qe2 Qxc3 18. Rb1 Ng6 19. Rb3 Qa1+ 20. Nb1 0-0 21. Rb2 Re8 22. Qd2 Nxe5 23. Kf2 Nxg4+ 24. Kg1 Bf5 25. h3 Ne3 26. Be2 Nc2 27. Qc3 Rxe2 28. Kh2 Be4 29. Rg1 d4 30. Qb3 Bd5 31. Qxd5 Qxb2 32. Rf1 Rf8 0-1

[Event "Cappelle op 06th"]
[Site "Cappelle la Grande"]
[Date "1990.02.21"]
[Round "5"]
[White "Dessenne, Francois"]
[Black "Jacobs, Byron A"]
[Result "1/2-1/2"]
[WhiteElo "1970"]
[BlackElo "2350"]
[PlyCount "53"]
[EventDate "1990.02.18"]
[EventType "swiss"]
[EventRounds "9"]
[EventCountry "FRA"]
[SourceTitle "EXT 2004"]
[Source "ChessBase"]
[SourceDate "2003.11.25"]
[SourceVersion "1"]
[SourceVersionDate "2003.11.25"]
[SourceQuality "1"]

1. e4 e5 2. Nf3 Nc6 3. Bc4 Nf6 4. d4 exd4 5. 0-0 Bc5 6. e5 d5 7. exf6 dxc4 8. Re1+ Be6 9. Ng5 Qd5 10. Nc3 Qf5 11. Nce4 0-0-0 12. Nxc5 Qxc5 13. fxg7 Rhg8 14. Ne4 Qf5 15. Bh6 Qg6 16. Qd2 Bf5 17. f3 f6 18. Kh1 c3 19. bxc3 dxc3 20. Qf4 Bxe4 21. Rxe4 Ne5 22. Rae1 Rd2 23. g4 Rgd8 24. Rxe5 fxe5 25. Qf5+ Qxf5 26. gxf5 Rf2 27. f4 1/2-1/2

[Event "Cappelle op 06th"]
[Site "Cappelle la Grande"]
[Date "1990.02.21"]
[Round "6"]
[White "Jacobs, Byron A"]
[Black "Mancini, Mario"]
[Result "1/2-1/2"]
[WhiteElo "2350"]
[BlackElo "2180"]
[PlyCount "107"]
[EventDate "1990.02.18"]
[EventType "swiss"]
[EventRounds "9"]
[EventCountry "FRA"]
[SourceTitle "EXT 2004"]
[Source "ChessBase"]
[SourceDate "2003.11.25"]
[SourceVersion "1"]
[SourceVersionDate "2003.11.25"]
[SourceQuality "1"]

1. e4 e5 2. Nf3 Nc6 3. Bb5 a6 4. Ba4 d6 5. 0-0 Bd7 6. d4 Nxd4 7. Bxd7+ Qxd7 8. Nxd4 exd4 9. Qxd4 Nf6 10. Nc3 Be7 11. Bg5 h6 12. Bh4 Qg4 13. Bg3 0-0 14. h3 Qg6 15. Bh2 Rfe8 16. f4 Bf8 17. f5 Qh5 18. Rf3 Rad8 19. Re1 c6 20. Qf2 Nd7 21. g4 Qg5 22. Bf4 Qf6 23. h4 Ne5 24. Bxe5 Qxe5 25. Re2 Be7 26. Kg2 Bf6 27. Kh3 Qe7 28. Qg3 Be5 29. Qg2 f6 30. Nd1 d5 31. exd5 Rxd5 32. Nf2 Qd7 33. Nd3 Bd6 34. Rfe3 Rxe3+ 35. Rxe3 h5 36. Re6 Qf7 37. Qe4 hxg4+ 38. Kxg4 g6 39. fxg6 Qd7 40. Kf3 Be5 41. Qg4 Rxd3+ 42. cxd3 Qxd3+ 43. Kf2 Qd2+ 44. Kf1 Qc1+ 45. Kg2 Qxb2+ 46. Kf1 Qb1+ 47. Kg2 Qxa2+ 48. Kf1 Qb1+ 49. Kg2 Qc2+ 50. Kf1 Qc1+ 51. Kg2 Qd2+ 52. Kf1 Qd3+ 53. Kg2 Qd5+ 54. Kf1 1/2-1/2

[Event "BL2-West 9091"]
[Site "Germany"]
[Date "1990.??.??"]
[Round "?.1"]
[White "Meduna, Eduard"]
[Black "Jacobs, Byron A"]
[Result "1/2-1/2"]
[WhiteElo "2495"]
[BlackElo "2340"]
[PlyCount "40"]
[EventDate "1990.10.??"]
[EventType "team-tourn"]
[EventRounds "9"]
[EventCountry "GER"]
[SourceTitle "GER-chT2"]
[Source "ChessBase"]
[SourceDate "1999.07.01"]
[SourceVersion "1"]
[SourceVersionDate "1999.07.01"]
[SourceQuality "1"]
[WhiteTeam "Bochum"]
[BlackTeam "Wuppertal"]
[WhiteTeamCountry "GER"]
[BlackTeamCountry "GER"]

1. d4 Nf6 2. Nf3 e6 3. Bg5 c5 4. c3 d5 5. e3 Be7 6. Nbd2 Nbd7 7. Bd3 b6 8. e4 cxd4 9. cxd4 dxe4 10. Nxe4 0-0 11. 0-0 Bb7 12. Nc3 a6 13. Qe2 b5 14. Rad1 b4 15. Ne4 Nxe4 16. Bxe7 Qxe7 17. Bxe4 Nf6 18. Bxb7 Qxb7 19. Rc1 Rac8 20. Qe5 Rfd8 1/2-1/2

[Event "Lugano op"]
[Site "Lugano"]
[Date "1989.03.05"]
[Round "3"]
[White "Leuba, Didier"]
[Black "Jacobs, Byron A"]
[Result "1/2-1/2"]
[WhiteElo "2300"]
[BlackElo "2350"]
[PlyCount "105"]
[EventDate "1989.03.03"]
[EventType "swiss"]
[EventRounds "9"]
[EventCountry "SUI"]
[SourceTitle "TD"]
[Source "ChessBase"]
[SourceDate "1994.03.01"]
[SourceVersion "1"]
[SourceVersionDate "1994.03.01"]
[SourceQuality "1"]

1. d4 Nf6 2. Nf3 e6 3. Bg5 c5 4. e3 cxd4 5. exd4 Be7 6. Nbd2 0-0 7. c3 b6 8. Bd3 Bb7 9. 0-0 d6 10. Re1 Nbd7 11. a4 a6 12. Qb3 Qc7 13. Rac1 Rfe8 14. h3 h6 15. Bf4 Bf8 16. Bh2 Rad8 17. Qc2 Qb8 18. Nc4 Nd5 19. Nfd2 N7f6 20. Qb3 Bc6 21. Ne4 Nxe4 22. Bxe4 Qc7 23. Nd2 Qd7 24. Ra1 Rb8 25. Bd3 b5 26. axb5 axb5 27. Ra5 b4 28. c4 Nf6 29. Rea1 Be7 30. Bf1 Rec8 31. Ra7 Rb7 32. R7a2 Qd8 33. Qe3 Rbb8 34. Nb3 Nd7 35. Na5 Ba8 36. c5 Nf6 37. Ba6 Rc7 38. Bc4 Nd5 39. Qe1 Ra7 40. Bxd5 Bxd5 41. Nc6 Rxa2 42. Nxd8 Rxa1 43. Qxa1 Ra8 44. Qc1 dxc5 45. Nxf7 Kxf7 46. dxc5 Bxc5 47. Be5 Bf8 48. Qc7+ Kg8 49. Kh2 Ra1 50. Qb8 Rf1 51. Bd4 Rc1 52. Qf4 Rc4 53. Qe5 1/2-1/2

[Event "Lugano op"]
[Site "Lugano"]
[Date "1989.03.04"]
[Round "2"]
[White "Jacobs, Byron A"]
[Black "King, Daniel J"]
[Result "0-1"]
[WhiteElo "2350"]
[BlackElo "2500"]
[PlyCount "64"]
[EventDate "1989.03.03"]
[EventType "swiss"]
[EventRounds "9"]
[EventCountry "SUI"]
[SourceTitle "TD"]
[Source "ChessBase"]
[SourceDate "1994.03.01"]
[SourceVersion "1"]
[SourceVersionDate "1994.03.01"]
[SourceQuality "1"]

1. d4 e6 2. e4 d5 3. Nc3 Nf6 4. e5 Nfd7 5. f4 c5 6. Nf3 Nc6 7. Be3 a6 8. Qd2 b5 9. dxc5 Bxc5 10. Bxc5 Nxc5 11. Bd3 b4 12. Ne2 Qb6 13. 0-0-0 0-0 14. Kb1 a5 15. Ned4 Nxd4 16. Nxd4 a4 17. Qe3 Ba6 18. Bxa6 Rxa6 19. f5 Ne4 20. Rd3 a3 21. b3 exf5 22. Nxf5 Qxe3 23. Ne7+ Kh8 24. Rxe3 Nc3+ 25. Ka1 Re6 26. Nf5 f6 27. Rhe1 Rxe5 28. Nd4 Rfe8 29. Rxe5 Rxe5 30. Rxe5 fxe5 31. Nc6 e4 32. Nxb4 d4 0-1

[Event "Cappelle op 05th"]
[Site "Cappelle la Grande"]
[Date "1989.??.??"]
[Round "?"]
[White "Georgiev, Krum"]
[Black "Jacobs, Byron A"]
[Result "1-0"]
[WhiteElo "2485"]
[BlackElo "2350"]
[PlyCount "73"]
[EventDate "1989.02.??"]
[EventType "swiss"]
[EventRounds "9"]
[EventCountry "FRA"]
[SourceTitle "TD"]
[Source "ChessBase"]
[SourceDate "1994.03.01"]
[SourceVersion "1"]
[SourceVersionDate "1994.03.01"]
[SourceQuality "1"]

1. e4 e5 2. Nf3 Nc6 3. Bb5 a6 4. Bxc6 dxc6 5. d4 exd4 6. Qxd4 Qxd4 7. Nxd4 Bd7 8. Nc3 0-0-0 9. Be3 Bb4 10. Nde2 Re8 11. 0-0-0 f5 12. Bd4 Nf6 13. e5 Nd5 14. Nxd5 cxd5 15. Nf4 c6 16. h4 Rhg8 17. Rh3 Ba5 18. Re3 Be6 19. b3 Bd8 20. g3 g6 21. Kb1 b6 22. Bb2 Rg7 23. c4 dxc4 24. Rd6 Rge7 25. Rxc6+ Kb7 26. Rxe6 Rxe6 27. Nxe6 Rxe6 28. bxc4 f4 29. gxf4 Bxh4 30. Rh3 Bxf2 31. Rxh7+ Kc6 32. Kc2 b5 33. Kd3 Bg3 34. Rf7 Bf2 35. Bd4 bxc4+ 36. Kxc4 Bg3 37. a4 1-0

[Event "Benidorm op"]
[Site "Benidorm"]
[Date "1989.??.??"]
[Round "?"]
[White "Jacobs, Byron A"]
[Black "Carlier, Bruno"]
[Result "0-1"]
[WhiteElo "2350"]
[BlackElo "2415"]
[PlyCount "82"]
[EventDate "1989.04.??"]
[EventType "swiss"]
[EventRounds "9"]
[EventCountry "ESP"]
[SourceTitle "TD"]
[Source "ChessBase"]
[SourceDate "1994.03.01"]
[SourceVersion "1"]
[SourceVersionDate "1994.03.01"]
[SourceQuality "1"]

1. e4 c5 2. Nc3 Nc6 3. Nge2 d6 4. d4 cxd4 5. Nxd4 Nf6 6. Bg5 Bd7 7. Be2 Qa5 8. Bxf6 gxf6 9. 0-0 Nxd4 10. Qxd4 Rc8 11. f4 Qc5 12. Qxc5 Rxc5 13. f5 h5 14. Bd3 Bc6 15. a4 Bh6 16. Rf3 a6 17. Rd1 Bg5 18. Bf1 Re5 19. Rd4 Rxf5 20. exf5 Bxf3 21. Kf2 Bc6 22. b4 Bd7 23. Bd3 0-0 24. Nd5 Bxa4 25. h4 Bc1 26. Nxe7+ Kg7 27. Rxd6 Re8 28. Nd5 Bb2 29. c3 Re5 30. Nxf6 Bxc3 31. Nxh5+ Kf8 32. g4 Bxb4 33. Rh6 Be1+ 34. Kf3 Bxh4 35. f6 Bc6+ 36. Kf4 Bg5+ 37. Kxe5 Bxh6 38. Ng3 Bc1 39. Ne4 a5 40. Kd4 Bb2+ 41. Kc5 a4 0-1

[Event "Cappelle op 05th"]
[Site "Cappelle la Grande"]
[Date "1989.??.??"]
[Round "?"]
[White "Jacobs, Byron A"]
[Black "Szekely, Peter"]
[Result "1/2-1/2"]
[WhiteElo "2350"]
[BlackElo "2420"]
[PlyCount "28"]
[EventDate "1989.02.??"]
[EventType "swiss"]
[EventRounds "9"]
[EventCountry "FRA"]
[SourceTitle "TD"]
[Source "ChessBase"]
[SourceDate "1994.03.01"]
[SourceVersion "1"]
[SourceVersionDate "1994.03.01"]
[SourceQuality "1"]

1. e4 c5 2. Nc3 Nc6 3. Nge2 e5 4. Nd5 d6 5. Nec3 Be6 6. Bc4 g6 7. d3 Bg7 8. 0-0 h6 9. f4 exf4 10. Bxf4 a6 11. Ne3 Nf6 12. Bxe6 fxe6 13. Ng4 Nh5 14. Qd2 Qh4 1/2-1/2

[Event "Cappelle op 05th"]
[Site "Cappelle la Grande"]
[Date "1989.??.??"]
[Round "?"]
[White "Prudhomme, Franck"]
[Black "Jacobs, Byron A"]
[Result "0-1"]
[WhiteElo "2200"]
[BlackElo "2350"]
[PlyCount "30"]
[EventDate "1989.02.??"]
[EventType "swiss"]
[EventRounds "9"]
[EventCountry "FRA"]
[SourceTitle "TD"]
[Source "ChessBase"]
[SourceDate "1994.03.01"]
[SourceVersion "1"]
[SourceVersionDate "1994.03.01"]
[SourceQuality "1"]

1. e4 e5 2. Nf3 Nc6 3. d4 exd4 4. Nxd4 Bc5 5. Nf5 d5 6. Nxg7+ Kf8 7. Nh5 Qh4 8. Ng3 Nf6 9. Be2 Ne5 10. Be3 Bxe3 11. fxe3 Rg8 12. Rf1 Qxh2 13. Rxf6 Qxg3+ 14. Kd2 Bg4 15. Bxg4 Rxg4 0-1

[Event "Lugano Open-13"]
[Site "Lugano"]
[Date "1988.??.??"]
[Round "?"]
[White "Campora, Daniel Hugo"]
[Black "Jacobs, Byron A"]
[Result "1-0"]
[WhiteElo "2540"]
[BlackElo "2320"]
[PlyCount "65"]
[EventDate "1988.03.??"]
[EventType "swiss"]
[EventRounds "9"]
[EventCountry "SUI"]
[SourceTitle "EXT 1997"]
[Source "ChessBase"]
[SourceDate "1996.11.15"]
[SourceVersion "1"]
[SourceVersionDate "1996.11.15"]
[SourceQuality "1"]

1. e4 e5 2. Nf3 Nc6 3. Nc3 Nf6 4. Bb5 Bb4 5. 0-0 0-0 6. d3 d6 7. Bg5 Bxc3 8. bxc3 h6 9. Bc1 Qe7 10. Re1 Bg4 11. h3 Bh5 12. g4 Nxg4 13. hxg4 Bxg4 14. d4 f5 15. Be2 fxe4 16. Nh2 Bxe2 17. Qxe2 exd4 18. Qxe4 Qf7 19. Qg2 Kh8 20. cxd4 Nxd4 21. Bb2 Nf5 22. Re4 Qd7 23. Rae1 Rf7 24. Re6 Raf8 25. Qg6 Qb5 26. Ba1 Qc4 27. R6e4 Qxa2 28. Ng4 Qxc2 29. Re8 Qd2 30. R1e3 Qd1+ 31. Kh2 Kg8 32. Bxg7 Rxg7 33. Rxf8+ 1-0

[Event "Haringey"]
[Site "London"]
[Date "1988.??.??"]
[Round "?"]
[White "Hodgson, Julian M"]
[Black "Jacobs, Byron A"]
[Result "1/2-1/2"]
[WhiteElo "2525"]
[BlackElo "2320"]
[PlyCount "21"]
[EventDate "1988.07.??"]
[EventType "schev"]
[EventRounds "9"]
[EventCountry "ENG"]
[SourceTitle "TD"]
[Source "ChessBase"]
[SourceDate "1994.03.01"]
[SourceVersion "1"]
[SourceVersionDate "1994.03.01"]
[SourceQuality "1"]

1. e4 e5 2. Nf3 Nc6 3. Bb5 a6 4. Ba4 Nf6 5. 0-0 Be7 6. Re1 b5 7. Bb3 d6 8. c3 0-0 9. h3 Bb7 10. d4 Re8 11. Ng5 1/2-1/2

[Event "Haringey"]
[Site "London"]
[Date "1988.??.??"]
[Round "?"]
[White "Jacobs, Byron A"]
[Black "Gallagher, Joseph G"]
[Result "1/2-1/2"]
[WhiteElo "2320"]
[BlackElo "2445"]
[PlyCount "80"]
[EventDate "1988.07.??"]
[EventType "schev"]
[EventRounds "9"]
[EventCountry "ENG"]
[SourceTitle "EXT 2021"]
[Source "ChessBase"]
[SourceDate "2020.10.23"]
[SourceVersion "1"]
[SourceVersionDate "2020.10.23"]
[SourceQuality "1"]

1. Nf3 Nf6 2. d4 g6 3. Bg5 Bg7 4. Nbd2 0-0 5. c3 c5 6. Bxf6 Bxf6 7. Ne4 Qb6 8. Nxf6+ exf6 9. Qb3 d6 10. Qxb6 axb6 11. e3 Be6 12. a3 Nc6 13. 0-0-0 d5 14. g3 Bf5 15. Bg2 Na5 16. Nd2 Rfd8 17. b3 Rac8 18. Kb2 Kg7 19. Rhe1 Bd3 20. Nf1 c4 21. b4 Nc6 22. e4 dxe4 23. Bxe4 Bxe4 24. Rxe4 Ne5 25. Kc2 Nd3 26. Rxd3 cxd3+ 27. Kxd3 Ra8 28. Re7 Rxa3 29. Nd2 b5 30. Rxb7 Rc8 31. Ne4 f5 32. Nc5 Ra2 33. d5 Rxf2 34. d6 Kf6 35. Rxb5 Rxh2 36. Rb6 Rd8 37. Nb7 Rd7 38. Nc5 Rd8 39. Nb7 Rd7 40. Nc5 Rd8 1/2-1/2

[Event "Haringey"]
[Site "London"]
[Date "1988.??.??"]
[Round "?"]
[White "Jacobs, Byron A"]
[Black "Iclicki, Willy"]
[Result "1-0"]
[WhiteElo "2320"]
[BlackElo "2305"]
[PlyCount "71"]
[EventDate "1988.07.??"]
[EventType "schev"]
[EventRounds "9"]
[EventCountry "ENG"]
[SourceTitle "TD"]
[Source "ChessBase"]
[SourceDate "1994.03.01"]
[SourceVersion "1"]
[SourceVersionDate "1994.03.01"]
[SourceQuality "1"]

1. e4 c6 2. d4 d5 3. f3 e6 4. Nc3 Bb4 5. Bf4 dxe4 6. fxe4 Nf6 7. Qd3 Qa5 8. Nge2 0-0 9. 0-0-0 b5 10. e5 Nd5 11. Nxd5 cxd5 12. Kb1 Nc6 13. Qg3 f5 14. exf6 Rxf6 15. Nc1 Qb6 16. Bd3 Be7 17. Bg5 Bd7 18. Bxf6 Bxf6 19. Nb3 Nxd4 20. Nxd4 Bxd4 21. Bxh7+ Kxh7 22. Qh4+ Kg8 23. Qxd4 Qxd4 24. Rxd4 Rf8 25. Rd2 Bc6 26. c3 e5 27. Kc2 Rf5 28. Re2 e4 29. Kd2 Kf7 30. Ke3 Ke6 31. Rf2 Rg5 32. Kd4 Kd6 33. Re1 Bd7 34. Re3 Re5 35. Rf7 g5 36. Rxd7+ 1-0

[Event "Guernsey op"]
[Site "Guernsey"]
[Date "1988.??.??"]
[Round "?"]
[White "Kuijf, Marinus"]
[Black "Jacobs, Byron A"]
[Result "1/2-1/2"]
[WhiteElo "2420"]
[BlackElo "2320"]
[PlyCount "110"]
[EventDate "1988.10.??"]
[EventType "swiss"]
[EventRounds "7"]
[EventCountry "GCI"]
[SourceTitle "TD"]
[Source "ChessBase"]
[SourceDate "1994.03.01"]
[SourceVersion "1"]
[SourceVersionDate "1994.03.01"]
[SourceQuality "1"]

1. e4 e5 2. Nf3 Nc6 3. Bb5 a6 4. Bxc6 dxc6 5. 0-0 f6 6. d4 exd4 7. Nxd4 c5 8. Ne2 Qxd1 9. Rxd1 Bd7 10. Bf4 0-0-0 11. Nbc3 Ne7 12. f3 g6 13. a4 Bg7 14. Nd5 Nxd5 15. Rxd5 Bf8 16. Nc3 Be7 17. Nb5 Be6 18. Nxc7 Bxd5 19. Nxd5 Bd6 20. Bh6 Be5 21. c3 f5 22. Bg5 Rde8 23. f4 Bc7 24. e5 Bd8 25. Bxd8 Rxd8 26. c4 b5 27. axb5 axb5 28. b3 Kb7 29. Ra5 bxc4 30. bxc4 g5 31. e6 gxf4 32. Rxc5 Rd6 33. Nxf4 Rc6 34. Rxf5 Rxc4 35. e7 Re8 36. Nd5 Kc6 37. Rf8 Rc1+ 38. Kf2 Kd7 39. Rf3 Rc2+ 40. Kg3 Rxe7 41. Nxe7 Kxe7 42. Rf2 Rc4 43. Rf4 Rc3+ 44. Kg4 Rc2 45. Kh3 Ke6 46. g4 Ra2 47. Kg3 Ra3+ 48. Kh4 Ra2 49. h3 Rb2 50. g5 Rb3 51. Kg4 Ke7 52. h4 Rb6 53. Rf3 Rb4+ 54. Rf4 Rxf4+ 55. Kxf4 h6 1/2-1/2

[Event "Haringey"]
[Site "London"]
[Date "1988.??.??"]
[Round "?"]
[White "Winants, Luc"]
[Black "Jacobs, Byron A"]
[Result "0-1"]
[WhiteElo "2450"]
[BlackElo "2320"]
[PlyCount "64"]
[EventDate "1988.07.??"]
[EventType "schev"]
[EventRounds "9"]
[EventCountry "ENG"]
[SourceTitle "TD"]
[Source "ChessBase"]
[SourceDate "1994.03.01"]
[SourceVersion "1"]
[SourceVersionDate "1994.03.01"]
[SourceQuality "1"]

1. Nf3 Nf6 2. c4 e6 3. d4 Bb4+ 4. Nbd2 0-0 5. a3 Bxd2+ 6. Qxd2 b6 7. e3 Bb7 8. b4 d6 9. Bb2 Nbd7 10. Bd3 Ne4 11. Qc2 f5 12. 0-0 Qe8 13. Rad1 Ndf6 14. Ne1 a5 15. f3 Ng5 16. b5 Qe7 17. Qf2 Rae8 18. Nc2 Bxf3 19. Rde1 Be4 20. Bxe4 Ngxe4 21. Qe2 Ng4 22. Rf3 Qh4 23. h3 Nh6 24. Rd1 g5 25. Qe1 Qh5 26. Rf1 g4 27. h4 g3 28. Rf4 Ng4 29. Kf1 Nh2+ 30. Kg1 Ng4 31. Kf1 Qxh4 32. Ke2 Qh5 0-1

[Event "Szolnok Mezogep-Cup 4th"]
[Site "Szolnok"]
[Date "1987.06.??"]
[Round "6"]
[White "Davidovic, Aleksandar"]
[Black "Jacobs, Byron A"]
[Result "1/2-1/2"]
[WhiteElo "2400"]
[BlackElo "2335"]
[PlyCount "77"]
[EventDate "1987.06.22"]
[EventType "tourn"]
[EventRounds "15"]
[EventCountry "HUN"]
[EventCategory "4"]
[SourceTitle "EXT 2003"]
[Source "ChessBase"]
[SourceDate "2002.11.25"]
[SourceVersion "1"]
[SourceVersionDate "2002.11.25"]
[SourceQuality "1"]

1. Nf3 Nf6 2. c4 e6 3. Nc3 c5 4. g3 Nc6 5. Bg2 d5 6. cxd5 Nxd5 7. 0-0 Be7 8. d4 0-0 9. Nxd5 exd5 10. Be3 c4 11. b3 Na5 12. Bd2 Bf5 13. bxc4 Nxc4 14. Ne5 Rc8 15. Nxc4 Rxc4 16. Qb3 Qd7 17. e4 Be6 18. Be3 dxe4 19. Bxe4 Bd5 20. Bxd5 Qxd5 21. Rac1 b5 22. a4 a6 23. axb5 axb5 24. Rxc4 bxc4 25. Qc3 Rc8 26. Ra1 Bd8 27. Bc1 h5 28. h4 Bb6 29. Bb2 f6 30. Qe3 Kh7 31. Ra6 Rc6 32. Qd2 Re6 33. Ra3 Re4 34. Re3 Rxe3 35. Qxe3 f5 36. Qe2 Qf7 37. d5 Qxd5 38. Qxh5+ Kg8 39. Qe8+ 1/2-1/2

[Event "Szolnok Mezogep-Cup 4th"]
[Site "Szolnok"]
[Date "1987.06.??"]
[Round "?"]
[White "Kadas, Gabor"]
[Black "Jacobs, Byron A"]
[Result "1-0"]
[WhiteElo "2270"]
[BlackElo "2335"]
[PlyCount "53"]
[EventDate "1987.06.22"]
[EventType "tourn"]
[EventRounds "15"]
[EventCountry "HUN"]
[EventCategory "4"]
[SourceTitle "EXT 2003"]
[Source "ChessBase"]
[SourceDate "2002.11.25"]
[SourceVersion "1"]
[SourceVersionDate "2002.11.25"]
[SourceQuality "1"]

1. d4 Nf6 2. c4 e6 3. Nf3 c5 4. d5 exd5 5. cxd5 Bd6 6. Nc3 Bc7 7. e4 d6 8. Bg5 0-0 9. Be2 a6 10. a4 Nbd7 11. 0-0 Re8 12. Nd2 Rb8 13. Re1 h6 14. Bh4 Nf8 15. f4 Ng6 16. Bg3 Bd7 17. Bh5 Nxh5 18. Qxh5 Qf6 19. Rf1 Ba5 20. f5 Ne5 21. Nf3 Nxf3+ 22. gxf3 Kh7 23. Bf4 Bd8 24. Kh1 Be7 25. Rg1 Rf8 26. Rg4 Be8 27. Re1 1-0